Movies Quiz

Random Movies or Pixar Quiz

Follow That Line: Ratatouille Quiz Stats

 Plays Quiz not verified by Sporcle

Challenge
Share
Tweet
Embed
Score 0/21 Timer 07:00
2 Plays Today
% Correct
'Oh, I'm detecting nuttiness...'
93.5%
'You have a rash?'
93.2%
'It isn't stealing if no one wants it.'
91.8%
'Surprise me!'
91.1%
'I killed a man... with *this* thumb.'
90.2%
'They are asking for food from LINGUINI?'
90%
'Not if they're over his face! Gusteau's already has a face, and it's fat and lovable and familiar. And it sells burritos! Millions and millions of burritos!'
89.6%
'Uh, it seems as though I have. Yes. There it is! I have led you to it!'
89.4%
'Freaking me out!'
89.1%
'And you're... thin, for someone who likes food.'
88.8%
'He won't say. Apparently, they didn't win.'
88%
% Correct
'Keep your station clear, or I WILL KILL YOU!'
87.2%
'Monsieur Boyardee.''
84.1%
'Too late.'
79.9%
'Tell him to hit me with his best SHOT!'
79.6%
'Yes, he calls it his tiny chef.'
74.6%
'I think it's apparent that I need to rethink my life a little bit.'
61.5%
'Regrettably, we are all... out... of wine.'
55.3%
'Should I be concerned about this? About you?'
55.3%
'Um, uh... am I still fired?'
51.2%
'Is this going to become a regular thing with you?'
49.4%

You're not logged in!

Compare scores with friends on all Sporcle quizzes.
OR
Log In

You Might Also Like...

Show Comments

Extras

Top Quizzes Today


Score Distribution

Your Account Isn't Verified!

In order to create a playlist on Sporcle, you need to verify the email address you used during registration. Go to your Sporcle Settings to finish the process.

Report this User

Report this user for behavior that violates our Community Guidelines.

Details: